Quizzes
Events
Quiz Creation
Community
Videos
Private Events
Remove Ads
Sign In
Join for FREE
Feedback
Dark Mode
Quiz Categories
Sports
Geography
Music
Movies
Television
Just For Fun
Miscellaneous
History
Literature
Language
Science
Gaming
Entertainment
Religion
Holiday
For Kids
Quiz Lab
Recent
Popular Today
Quiz Kudos Today
Editor Picks
Curator Picks
Quizzes by...
Day
Popularity
Type
Ratings
Length
Year
Community
Subscriptions
Recent Discussions
Orange Saloon
Badges
Playlists
Quests
Create
Leaderboards
Showdown
Live 5
Trivia Bingo
Activity
Puzzle Library
Sporcle Events
Private Events
Virtual Trivia
Globe League
Become a Host
Pub Owners
SporcleCon
Opinionation
Our Games
Videos
Blog
Mobile Apps
Partnerships
Remove Ads and Go Orange
Feedback
Sports
Athletes
MLB
NBA
NHL
NFL
Soccer
Sports Teams
WWE
NCAA
Football
Premier League
Basketball
Baseball
Hockey
Golf
Tennis
Cricket
Rugby
Auto Racing
Olympics
World Cup
Sports
Athletes
MLB
NBA
NHL
NFL
Soccer
Sports Teams
WWE
NCAA
Football
Premier League
Basketball
Baseball
Hockey
Golf
Tennis
Cricket
Rugby
Auto Racing
Olympics
World Cup
Random Quiz
Search Sporcle
×
Quiz Lab
Quiz Lab
Sports
Basketball
Type in answers that appear in a list
Type in answers that appear in a list
Classic
Best Score? Go Orange.
CITIES Most Frequent Championships Since 1970 Stats
Can you name the All North American CITIES by frequency of Championship Parades for Big 4 Sports Since 1970?
By
dookpsu13
15m
50 Questions
82 Plays
82 Plays
82 Plays
Comments
Comments
Give Quiz Kudos
Give Quiz Kudos
-
- Ratings
hide this ad
More Info
Forced Order
Answers have to be entered in order
Answers have to be entered in order
Replay
Link that replays current quiz
Next Quiz
Link to next quiz in quiz playlist
You Got
0%
They Got
Avg Score
38%
Avg Friend Score
Upgrade to see
Score Distribution
Jump to the score distribution portion of the page
Score
0/50
Timer
15:00
0
Plays Today
Avg. Seasons played per championship
City
% Correct
16.5 (9)
New York - Northern Jersey
79.3%
12.5 (4)
Boston
69.5%
22.7 (5)
Chicago
65.9%
12.4 (4)
Los Angeles
63.4%
11.1 (3)
Pittsburgh
61%
6.4 (1)
Edmonton
58.5%
9.5 (1)
Montreal
53.7%
17.8 (6)
Bay Area
53.7%
20.4 (4)
Detroit
52.4%
32.6 (4)
Philadelphia
48.8%
45 (3)
Toronto
48.8%
9.5 (1)
San Antonio
46.3%
19.8 (4)
Miami
46.3%
* 120 (3)
Cleveland
46.3%
22.2 (4)
Dallas
43.9%
29 (4)
Denver
42.7%
31 (4)
Washington D.C.
42.7%
90 (4)
Phoenix
41.5%
17.5 (2)
Baltimore
40.2%
108 (2)
Seattle
40.2%
38.33 (3)
St. Louis
39%
41 (1)
Portland
39%
* 89 (2)
Buffalo
39%
59 (3)
Houston
37.8%
95 (2)
Kansas City
37.8%
Avg. Seasons played per championship
City
% Correct
144 (4)
Atlanta
37.8%
57 (2)
New Orleans
36.6%
33 (3)
Tampa Bay
35.4%
41 (3)
Milwaukee - Green Bay
35.4%
28.3 (2)
Cincinnati
31.7%
30 (1)
Calgary
31.7%
69 (4)
Minneapolis - St. Paul
31.7%
* 16 (1)
Jacksonville
31.7%
* 4 (1)
Oklahoma City
30.5%
* 32 (1)
Salt Lake City
30.5%
* 38 (2)
Charlotte
30.5%
* 88 (2)
San Diego
30.5%
* 10 (1)
Columbus
29.3%
* 25 (2)
Nashville
29.3%
68 (2)
Indianapolis
28%
* 10 (1)
Memphis
28%
* 48 (1)
Vancouver
28%
* 22 (1)
Orlando
26.8%
* 26 (1)
Sacramento
24.4%
12 (1)
Raleigh
22%
* 16 (0)
Quebec City
22%
* 18 (0)
Winnipeg
20.7%
*19 (0)
Hartford
19.5%
37 (2)
Anaheim
18.3%
* 20 (1)
Ottawa
18.3%
Quiz Playlist
Details
Report
Send in Message
Add To Playlist
More Info:
Avg. is total City titles divided by total seasons played since 1970. City Represents Metro Area See Comments for clarification
Classic:
Type in answers that appear in a list
Forced Order:
Answers have to be entered in order
Last Updated: Feb 16, 2017
Quiz Scoreboard
CHALLENGE
Sign Up to Join the Scoreboard
Show All
Scores
Hide
Comments
May contain spoilers
Recently Published
Presidents Visiting Landmarks
by Hejman
History
7m
An Introduction to Baseball
by treessimontrees
Sports
5m
Movies - When Are They Set?
by FPL_Elf
Movies
5m
More to Explore
Quiz From the Vault
Featured Blog Post
Where Did the Easter Bunny Come From?
hide this ad
You Might Also Like...
Tags
Baseball Quiz
Basketball Quiz
MLB Quiz
NBA Quiz
NFL Quiz
NHL Quiz
Pro Sports
Today's Top Quizzes in Sports
Browse Sports
hide this ad
Today's Top Quizzes in Basketball
Browse Basketball
Top Contributed Quizzes in Sports
1
Les meilleurs buteurs des matchs entre le PSG et l’OM
2
2022 World Cup Stars
3
FIFA Club World Cup Champions
4
Les entraîneurs de l'OM et du PSG au 21e siècle
5
Name the Premier League winners with different clubs
6
La finale Lions - Afrique du Sud 2021
7
5-to-1: UK Sports Teams
8
England Test cricketers to play under Nasser Hussain
9
Players with Multiple 50 Home Run Seasons
10
AFC Teams Reveal (Wrong Answers Minefield)
Explore More
Trending Topics
Crossword
Harry Potter
Marvel
Kpop
NBA
Disney
Anime
The Office
NFL
Puzzle
Soccer
Country
WWE
Song
Pokémon
hide this ad
More By:
dookpsu13
Quiz
Plays
Rating
Category
Featured
Created
Profile: Joe Paterno
332
5.00
Sports
May 6, 2011
US Cities by neighborhoods
168
3.75
Geography
Apr 8, 2011
CITIES Most Frequent Championships Since 1970
82
5.00
Sports
Mar 29, 2011
BCS Conference History
59
2.00
Sports
Mar 17, 2011
Sports Matchups by Row
54
3.00
Sports
May 11, 2011
Go to Creator's Profile
Score Distribution
Quiz Creator Spotlight
dookpsu13
Follow
Send a Message
Quizzes Created
-
Created Quiz Play Count
-
More By This Creator
Popular Quizzes Today
1
Find the US States - No Outlines Minefield
2
Find the Countries of Europe - No Outlines Minefield
3
The Countries of the World
4
Find the US States
5
Popular People in 1961
6
US States
7
Risky Map Clicking: Biggest States A-Z
8
Movies - When Are They Set?
More Sports Quizzes
Top 25 Most Valuable Left Wingers
Editor's Pick
Trending Quizzes
Risky Map Clicking: Least Populous States A-Z
1-10 Letter G Words
1-10 Letter F Words
Risky Map Clicking: Next State Alphabetically
Risky Map Clicking: Biggest States A-Z
Recently Updated
Leaping Animals
pecheneg
Reality TV Shows (A-Z)
bhenderson79
Rickey Henderson's Hall of Fame Teammates
pecheneg
Champions League XIs: Arsenal
pecheneg
Quick Pick: Celebrities in WWE's Hall of Fame
aduchscher
A-Z Keypad Blitz II
pecheneg
Multiple Oscar Actors
pecheneg
Mystery Phrase Blitz: Oscar 'Best Actors'
pecheneg
F. Scott Fitzgerald Novels
LTH
Pick 3 Villains
ddd62291
Trending Topics
Harry Potter
Disney
Anime
Crossword
Kpop
Marvel
NBA
Country
The Office
Soccer
Song
WWE
Puzzle
NFL
Pokémon
Your Account Isn't Verified!
In order to create a playlist on Sporcle, you need to verify the email address you used during registration. Go to your
Sporcle Settings
to finish the process.
Report this User
Report this user for behavior that violates our
Community Guidelines
.
Details:
Send Report
Go to the Sporcle.com Mobile Site →
Comments